000 00344 a2200157 4500
001 72274
020 _a
040 _cAnchieta - Colégio São Paulo
100 _aSaldanha, Paula
240 1 0 _aMil borboletas
_lpor
245 1 0 _aMil borboletas
300 _a23[1p.]
362 0 _a1985
650 4 _aLiteratura infanto-juvenil
942 _cBK
999 _c72274
_d72274